María / (Registro nro. 11708)
[ vista simple ]
| 000 -CABECERA | |
|---|---|
| Longitud fija campo de control | 00737cam a2200241 a 4500 |
| 003 - • IDENTIFICADOR DELl NÚMERO DE CONTROL | |
| Identificador del número de control | CO-ViMGA |
| 005 - • FECHA Y HORA DE LA ÚLTIMA TRANSACCIÓN | |
| Fecha y hora de la última transacción | 20230915233127.0 |
| 008 - • CÓDIGOS DE INFORMACIÓN DE LONGITUD FIJA | |
| Códigos de información de longitud fija | 000913s2000 ck r 00011 spa d |
| 020 ## - • NÚMERO INTERNACIONAL NORMALIZADO PARA LIBROS | |
| Número Internacional Normalizado para Libros (ISBN) | 9789583000898 |
| 040 ## - FUENTE DE LA CATALOGACIÓN | |
| Centro catalogador de origen | CO-ViMGA |
| Lengua de catalogación | spa |
| Centro transcriptor | CO-ViMGA |
| 043 ## - CÓDIGO DE ÁREA GEOGRÁFICA | |
| Código de área geográfica | s-ck--- |
| 082 04 - • NÚMERO DE LA CLASIFICACIÓN DECIMAL DEWEY | |
| Número de clasificación (R) | Co863.2 |
| Número del ítem | I81m |
| Número de edición | 19 ed. |
| 100 1# - • PUNTO DE ACCESO PRINCIPAL-NOMBRE DE PERSONA | |
| Nombre de persona | Isaacs, Jorge, |
| Fechas asociadas al nombre | 1837-1895. |
| 245 10 - • TITULO PROPIAMENTE DICHO | |
| Título | María / |
| Mención de responsabilidad, etc. | Jorge Isaacs. |
| 250 ## - • MENCIÓN DE EDICIÓN | |
| Mención de edición | 5a. ed. / |
| Resto de la mención de edición | Gabriel Silva Rincón. |
| 300 ## - • DESCRIPCIÓN FÍSICA | |
| Extensión | 260 p. ; |
| Dimensiones | 20 cm. |
| 490 ## - • MENCIÓN DE SERIE | |
| Mención de serie | Letras latinoamericanas |
| 650 14 - • PUNTO DE ACCESO ADICIONAL DE MATERIA - TÉRMINO DE MATERIA | |
| Término de materia o nombre geográfico como elemento inicial | Novela colombiana. |
| 650 #6 - • PUNTO DE ACCESO ADICIONAL DE MATERIA - TÉRMINO DE MATERIA | |
| Término de materia o nombre geográfico como elemento inicial | Literatura colombiana. |
| 700 1# - • PUNTO DE ACCESO ADICIONAL - NOMBRE DE PERSONA | |
| Nombre de persona | Silva Rincón, Gabriel, |
| Fechas asociadas al nombre | 1955-, |
| Término indicativo de función | ed. |
| 942 ## - ENTRADA DE ELEMENTOS AGREGADOS (KOHA) | |
| Fuente de clasificaión o esquema | Dewey Decimal Classification |
| Koha [por defecto] tipo de item | LIbro |
| Perdido | Fuente de clasificación o esquema | Estado Físico | No para préstamo | Forma de adquisición | Localización permanente | Localización actual | Fecha adquisición | Préstamos totales | Signatura completa | Código de barras | Fecha última consulta | Número de copia | Fecha del precio de reemplazo | Tipo de item de Koha |
|---|---|---|---|---|---|---|---|---|---|---|---|---|---|---|
| Dewey Decimal Classification | Sala General | Biblioteca Comunitaria - Villavicencio | Biblioteca Comunitaria - Villavicencio | 04/15/2016 | Co863.2 I81m | 032212 | 06/08/2017 | Ej. 1 | 06/08/2017 | LIbro | ||||
| Dewey Decimal Classification | Sala General | Biblioteca Comunitaria - Villavicencio | Biblioteca Comunitaria - Villavicencio | 04/15/2016 | Co863.2 I81m | 5724 | 08/25/2017 | Ej. 1 | 08/25/2017 | LIbro | ||||
| Dewey Decimal Classification | Sala General | Biblioteca Comunitaria - Villavicencio | Biblioteca Comunitaria - Villavicencio | 04/15/2016 | Co863.2 I81m | 032211 | 03/21/2018 | Ej. 2 | 03/21/2018 | LIbro | ||||
| Dewey Decimal Classification | Sala General Segundo Piso | Biblioteca Pública Germán Arciniegas - Villavicencio | Biblioteca Pública Germán Arciniegas - Villavicencio | 04/15/2016 | Co863.2 I81m | 29878 | 10/02/2017 | Ej. 1 | 04/15/2016 | LIbro |